LDR 01192nam a2200229 i 4500 001 000000057314 003 CaOOAMICUS 005 20091126000000.0 008 091126s1994 it u000 u ita u 013 $a28486 040 $aSeMil$bita 100 1 $aCorti, Renato,$c
.$0(OLS)http://semarc/name/16279 245 10$aFamiglia per educare :$b"la famiglia come la Chiesa, dev'essere lo spazio in cui il Vangelo è trasmesso e da cui il Vangelo si irradia" (Paolo 6.) : nota pastorale per l'anno 1994/95 /$cRenato Corti. 260 $aNovara :$b[s.n.],$c1994. 300 $a143 p. ;$c21 cm. 500 $aFondo Mezzanotti. 650 4$aVescovi novaresi - Lettere pastorali.$0(OLS)http://semarc/subject/9619 850 $aSeMil 852 $aSeMil$W1$xVenegono$y1$m2F I 308$j23468$B23468$CSeMilBibl$Z2$F23470 $81 961 $aOmaggio: Mezzanotti mons. Alessandro 996 $6245$aFamiglia per educare :$b"la famiglia come la Chiesa, dev'essere lo spazio in cui il Vangelo è trasmesso e da cui il Vangelo si irradia" (Paolo 6.) : nota pastorale per l'anno 1994/95$9(OLS)http://semarc/title/89185 996 $6260$aNovara :$b[s.n.]$9(OLS)http://semarc/publisher/30468